000
00316nam a22001337a 4500
008
170609b xxu||||| |||| 00| 0 eng d
020
_a
156793109
041
_a
eng
080
_a
32
100
_a
19
101
_a
SHP
245
_a
HEALTH POLICY ISSUES AN ECONOMIC PERSPEVTIVE
_c
FELDSTEIN.P.J
942
_2
udc
_c
BK
999
_c
16620
_d
16620